The odd women / (Record no. 2981)

MARC details
000 -LEADER
fixed length control field 00420cam a2200145 4500
001 - CONTROL NUMBER
control field 3657
005 - DATE AND TIME OF LATEST TRANSACTION
control field 20181127171703.0
008 - FIXED-LENGTH DATA ELEMENTS--GENERAL INFORMATION
fixed length control field 840606s1983 nyu b 000 1 eng d
010 ## - LIBRARY OF CONGRESS CONTROL NUMBER
LC control number 83061423
100 1# - MAIN ENTRY--PERSONAL NAME
Personal name Gissing, George,
Dates associated with a name 1857-1903.
245 14 - TITLE STATEMENT
Title The odd women /
Statement of responsibility, etc. George Gissing.
260 ## - PUBLICATION, DISTRIBUTION, ETC.
Place of publication, distribution, etc. New York :
Name of publisher, distributor, etc. W. W. Norton & Company. Inc.,
Date of publication, distribution, etc. 1971.
300 ## - PHYSICAL DESCRIPTION
Extent xxvi, 388 p. ;
Dimensions 18 cm.
504 ## - BIBLIOGRAPHY, ETC. NOTE
Bibliography, etc. note Bibliography: p. 387-388.
Holdings
Withdrawn status Lost status Source of classification or shelving scheme Damaged status Not for loan Collection code Home library Current library Shelving location Date acquired Serial Enumeration / chronology Inventory number Total Checkouts Total Renewals Full call number Barcode Date last seen Date last checked out Price effective from Koha item type
    Dewey Decimal Classification     Main TEST RTC Library RTC Library Main opac 05/12/2022 563 2 7 823.8 GIS 30005902 26/03/2024 18/12/2023 27/11/2018 Main
Royal Thimphu College || All Right Reserved